Loading...
| History - American | 0 | 6 | 3 | 0 | 45 | 59 | 91.17 | 1 | 1 | 11.09 | 22.97 |
| Other Academic | 0 | 4 | 0 | 1 | 40 | 76 | 116.00 | 0 | 0 | 6.74 | 18.52 |
| History - Other | 0 | 5 | 3 | 0 | 35 | 83 | 103.20 | 0 | 3 | 6.98 | 19.62 |
| History - World | 0 | 5 | 5 | 0 | 25 | 83 | 93.40 | 2 | 4 | 9.17 | 26.35 |
| History - European | 0 | 4 | 3 | 0 | 25 | 44 | 74.25 | 2 | 2 | 10.15 | 20.20 |
| Geography | 0 | 2 | 0 | 0 | 20 | 47 | 58.00 | 0 | 1 | 16.09 | 21.31 |
| Literature - British | 0 | 2 | 0 | 0 | 20 | 69 | 96.50 | 1 | 1 | 3.91 | 8.82 |
| Social Science | 0 | 1 | 0 | 0 | 10 | 109 | 109.00 | 0 | 0 | 0.95 | 2.30 |
| Fine Arts - Other | 0 | 1 | 0 | 0 | 10 | 135 | 135.00 | 0 | 0 | 0.21 | 3.53 |
| Fine Arts - Painting & Sculpture | 0 | 1 | 0 | 1 | 10 | 145 | 145.00 | 0 | 0 | 0.00 | 1.23 |
| Literature - World | 0 | 1 | 0 | 0 | 10 | 120 | 120.00 | 0 | 0 | 0.77 | 2.45 |
| Science - Physics | 0 | 1 | 0 | 1 | 10 | 134 | 134.00 | 0 | 0 | -0.04 | 0.49 |
| Current Events | 0 | 1 | 1 | 0 | 5 | 118 | 118.00 | 0 | 0 | 1.06 | 4.00 |
| Religion | 0 | 0 | 1 | 0 | -5 | 0.00 | 0 | 0 | 0.00 | 0.00 |